| 000 | 00477nam a2200145 4500 | ||
|---|---|---|---|
| 999 |
_c6307 _d6307 |
||
| 008 | 170220b xxu||||| |||| 00| 0 eng d | ||
| 082 | _aDPer 910.5 T69 Jan-Aug 2015 v. 1-4 | ||
| 100 |
_918937 _aAñonuevo, Klara Iskra |
||
| 245 |
_aLooking to the sky to save/ _cKlara Iskra Añonuevo. |
||
| 260 |
_aPhilippines: _bOne Mega Group, _c©2015. |
||
| 300 |
_av4, page 44: _billustrations; _c28 cm. |
||
| 500 | _aTravel Now. | ||
| 650 | 0 |
_918938 _aTravel _xRewards |
|
| 942 |
_2ddc _cPER |
||